000 00294nam a2200133Ia 4500
005 20251222141810.0
008 251222s9999||||xx |||||||||||||| ||spa||
020 _a978-85-250-4783-0
082 _a918.11/B72
100 _aBolle, Willi
245 0 _aAmazónia:
264 _bGlobo
942 _cLIB
999 _c6445
_d6445